00377nam a2200097Ia 4500008004100000020000600041100003000047245007500077999001900152952010800171211105s9999 xx 000 0 und d a" a Kush, Brian D. 9120185 0aAuditing leadership : the professional and leadership skills you need  c582801d582800 00104070aERMELLbERMELLd2021-11-08g718.00l0o658.4092 KUSHp3322830056815r2021-11-08w2021-11-08